000 00731nam a2200241Ia 4500
003 OSt
005 20220918110740.0
006 a|||||r|||| 00| 0
007 ta
008 220915b |||||||| |||| 00| 0 hin d
024 _a169139
037 _cReference Collections
040 _aARTS
_cARTS
_bhin
041 _2hin
_ahin
082 _aO152,2k, L5(RR)
100 _aओझा, दशरथ
245 0 _aहिन्दी नाटक कोश
246 _aHindī nāṭak kosha
260 _aदिल्ली
_bनेशनल पब्लि0 हा0
_c1975
300 _a654 पृ0
942 _hO152,2k, L5(RR)
_cREF
999 _c114459
_d114459